Understanding environmental issues (Record no. 78462)

MARC details
000 -LEADER
fixed length control field 01044nam a2200205 a 4500
008 - FIXED-LENGTH DATA ELEMENTS--GENERAL INFORMATION
fixed length control field 120419s2008 ||||||||||||||||| || u
010 ## - LIBRARY OF CONGRESS CONTROL NUMBER
LC control number 2007936408
020 ## - INTERNATIONAL STANDARD BOOK NUMBER
International Standard Book Number 9780761942351 (cover)
050 ## - LIBRARY OF CONGRESS CALL NUMBER
Classification number GE 170 Und
245 00 - TITLE STATEMENT
Title Understanding environmental issues
Statement of responsibility, etc. edited by Susan Buckingham and Mike Turner.
260 ## - PUBLICATION, DISTRIBUTION, ETC.
Place of publication, distribution, etc. Los Angeles:
Name of publisher, distributor, etc. SAGE Publications
Date of publication, distribution, etc. 2008
300 ## - PHYSICAL DESCRIPTION
Extent xii, 274 p.: ill.
500 ## - GENERAL NOTE
General note Includes bibliographical references and index.
650 #0 - SUBJECT ADDED ENTRY--TOPICAL TERM
Topical term or geographic name entry element ENVIRONMENTAL POLICY--MACEDONIA
650 #0 - SUBJECT ADDED ENTRY--TOPICAL TERM
Topical term or geographic name entry element ENVIRONMENTAL PROTECTION--ZAMBIA
995 ## -
-- MAIN LIBRARY OPEN ACCESS
-- 742888
-- CBU-MAIN LIBRARY (Kitwe)
-- GE 170 Und
-- 1
-- AVAILABLE
-- Apr 19, 2012
-- 742888
-- Main Library Open Access Collection
995 ## -
-- MAIN LIBRARY OPEN ACCESS
-- 742851
-- CBU-MAIN LIBRARY (Kitwe)
-- GE 170 Und
-- 2
-- AVAILABLE
-- Jun 18, 2012
-- 742851
-- Main Library Open Access Collection
995 ## -
-- ANNEX COLLECTION (Main Library)
-- 742983
-- CBU-MAIN LIBRARY (Kitwe)
-- GE 170 Und
-- 3
-- AVAILABLE
-- Jun 25, 2012
-- 742983
-- Annex Low-Usage Collection
999 ## -
-- 78462
-- 78462
Holdings
Withdrawn status Lost status Source of classification or shelving scheme Damaged status Not for loan Permanent Location Current Location Shelving location Date acquired Total Checkouts Full call number Barcode Date last seen Copy number Price effective from Koha item type
          CBU-MAIN LIBRARY, KITWE. CBU-MAIN LIBRARY, KITWE.   05/17/2023   GE 170 Und 742888 05/17/2023 1 05/17/2023 MONOGRAPH
          CBU-MAIN LIBRARY, KITWE. CBU-MAIN LIBRARY, KITWE.   05/17/2023   GE 170 Und 742851 05/17/2023 2 05/17/2023 MONOGRAPH
          CBU-MAIN LIBRARY, KITWE. CBU-MAIN LIBRARY, KITWE.   05/17/2023   GE 170 Und 742983 05/17/2023 3 05/17/2023 MONOGRAPH